| 000 | 01096cam a22003254a 4500 | ||
|---|---|---|---|
| 001 | 2418 | ||
| 003 | FISKH | ||
| 005 | 20260202101411.0 | ||
| 008 | 000309s2001 nyua b 001 0beng | ||
| 010 | _a 00130210 | ||
| 020 | _a0590543423 | ||
| 020 | _a9780590543439 | ||
| 040 |
_aDLC _cDLC _dDLC _beng |
||
| 042 | _apcc | ||
| 050 | 0 | 0 |
_aGV1132.A44 _bM94 2001 |
| 082 | 0 | 0 |
_a796.83/092 _aB _221 |
| 100 | 1 |
_aMyers, Walter Dean, _d1937-2014. |
|
| 245 | 1 | 4 |
_aThe greatest : _bMuhammad Ali / _cWalter Dean Myers. |
| 250 | _aFirst Scholastic paperback printing, November 2001 | ||
| 260 |
_aNew York : _bScholastic, _c2001 |
||
| 300 |
_a172 pages : _billustrations ; _c20 cm |
||
| 505 | _aZ' | ||
| 520 | _aAn illustrated biography of boxing great Muhammad Ali that addresses his politics, his fight against Parkinson's disease, and boxing's dangers. | ||
| 521 | 8 |
_a1030
_bLexile |
|
| 521 | 8 |
_aZ'
_bRaz-Plus |
|
| 600 | 1 | 0 |
_aAli, Muhammad, _d1942-2016. |
| 650 | 0 |
_aBoxers (Sports) _zUnited States _vBiography. |
|
| 906 |
_a7 _bcbc _corignew _d2 _eopcn _f20 _gy-gencatlg |
||
| 942 |
_2ddc _cBK _n0 |
||
| 999 |
_c2418 _d2418 |
||